=LDR 00000nam 2200000 4500 =001 INLIS000000000002803 =005 20250210102130 =035 ##$$a 0010-0225000093 =007 ta =008 250210###########################0#ind## =020 ##$$a - =082 ##$$a 304.66 =084 ##$$a 304.66 BAD a =245 1#$$a Abstraksi Koleksi Perpustakaan : $b - /$c Badan Kependudukan dan Keluarga Berencana Nasional (Penulis) =250 ##$$a - =260 ##$$a Jakarta :$b Badan Kependudukan dan Keluarga Berencana Nasional,$c 2010 =300 ##$$a 46 hlm : $b ilus ; $c 20 cm$e - =650 #4$$a Sosial =110 #$$a Badan Kependudukan dan Keluarga Berencana Nasional ( =856 ##$$a Perpustakaan BKKBN Pusat